Tuyển tập sinh lý thực vật
Gorde:
| Egile nagusia: | |
|---|---|
| Formatua: | Liburua |
| Hizkuntza: | Undetermined |
| Argitaratua: |
Hà Nội
KHKT
1973
|
| Gaiak: | |
| Etiketak: |
Etiketa erantsi
Etiketarik gabe, Izan zaitez lehena erregistro honi etiketa jartzen!
|
| Thư viện lưu trữ: | Trung tâm Học liệu Trường Đại học Cần Thơ |
|---|
| LEADER | 00567nam a2200169Ia 4500 | ||
|---|---|---|---|
| 001 | CTU_8707 | ||
| 008 | 210402s9999 xx 000 0 und d | ||
| 082 | |a 581.1074 | ||
| 082 | |b T527/T4 | ||
| 100 | |a Tuyển tập sinh lý thực vật | ||
| 245 | 0 | |a Tuyển tập sinh lý thực vật | |
| 245 | 0 | |c Tuyển tập sinh lý thực vật, Lê Đức Diên, Cung Đình Lượng | |
| 260 | |a Hà Nội | ||
| 260 | |b KHKT | ||
| 260 | |c 1973 | ||
| 650 | |a plant physiology | ||
| 980 | |a Trung tâm Học liệu Trường Đại học Cần Thơ | ||